Library Banner

Cognitive therapy of anxiety disorders (Record no. 81421)

MARC details
000 -LEADER
fixed length control field 00553nam a2200193Ia 4500
001 - CONTROL NUMBER
control field 70371
008 - FIXED-LENGTH DATA ELEMENTS--GENERAL INFORMATION
fixed length control field 160116s9999||||xx |||||||||||||| ||und||
020 ## - INTERNATIONAL STANDARD BOOK NUMBER
International Standard Book Number 9781606234341
040 ## - CATALOGING SOURCE
Transcribing agency PK-LaUMT
082 ## - DEWEY DECIMAL CLASSIFICATION NUMBER
Classification number 616.8522 CLA-C
Item number CLA-C
100 ## - MAIN ENTRY--PERSONAL NAME
Personal name Clark, David A.
245 ## - TITLE STATEMENT
Title Cognitive therapy of anxiety disorders
Remainder of title science and practice
Statement of responsibility, etc Clark, David A.|Beck, Aaron T.
260 ## - PUBLICATION, DISTRIBUTION, ETC. (IMPRINT)
Place of publication, distribution, etc New York,USA:
Name of publisher, distributor, etc The Guilford Press,
Date of publication, distribution, etc 2010
300 ## - PHYSICAL DESCRIPTION
Extent 628 p.
546 ## - LANGUAGE NOTE
Language note EN
650 ## - SUBJECT ADDED ENTRY--TOPICAL TERM
Topical term or geographic name as entry element Anxiety disorder-Treatment
700 ## - ADDED ENTRY--PERSONAL NAME
Personal name Beck, Aaron T.
942 ## - ADDED ENTRY ELEMENTS (KOHA)
Koha item type Books
Holdings
Withdrawn status Lost status Damaged status Not for loan Home library Current library Date acquired Total Checkouts Full call number Barcode Date last seen Price effective from Koha item type
        UMT Main Campus UMT Main Campus 2015-01-18   616.8522 CLA-C CLA-C 97324 2016-01-18 2016-01-18 Books